000 00717nab a2200229u 4500
001 18286
003 HDC
007 c| |||a|c|aaaa
008 210225b20140828my ||||| |||| 00| 0 may d
040 _aHDC
245 0 _aPerkukuh usaha sama penggiat kewangan Islam
336 _atext
_2rdacontent
337 _acomputer
_2rdamedia
338 _aonline resource
_2rdacarrier
650 _aglobal industry
_917220
650 _aIslamic Finance
_9181
710 _aBERITA HARIAN
856 _zRequest full-text at [email protected]
942 _2lcc
942 _cNEWS
942 _kNWSC 005065
999 _c15602
_d15602